000 00692cab a2200217 4500
001 ABS55063
008 090401t1996 xxu||||| |||| 00| 0 eng d
035 _a(Sirsi) u13910
041 _aeng
100 _aHeath, A.P.
245 _aWhat is a valuer?
260 _c1996
350 _a0
490 _aSouth African Valuer
_v(45) March 1996, 9(1)
520 _aTrys to answer this question with a global perspective, outlines the basic principles and responsibilities of the valuer and qualifications that are expected.
650 _aABOUT RICS-RICS MEMBERS
650 _aVALUERS
690 _aMANAGEMENT-BUSINESS MANAGEMENT-PROFESSIONAL PRACTICE
942 _n0
948 _c04/03/1997
999 _c8985
_d8985